धन्य मी कृतार्थ मी (Record no. 404326)

MARC details
000 -LEADER
fixed length control field 00484nam a2200145Ia 4500
008 - FIXED-LENGTH DATA ELEMENTS--GENERAL INFORMATION
fixed length control field 100122s9999 xx 000 0 und d
082 ## - DEWEY DECIMAL CLASSIFICATION NUMBER
Item number 13513
Classification number 822
100 ## - MAIN ENTRY--PERSONAL NAME
Personal name साठे शं गो
245 ## - TITLE STATEMENT
Title धन्य मी कृतार्थ मी
260 ## - PUBLICATION, DISTRIBUTION, ETC. (IMPRINT)
Name of publisher, distributor, etc पॉप्युलर प्रकाशन
Date of publication, distribution, etc 1965
300 ## - PHYSICAL DESCRIPTION
Extent 93
630 ## - SUBJECT ADDED ENTRY--UNIFORM TITLE
Uniform title धन्य मी कृतार्थ मी
730 ## - ADDED ENTRY--UNIFORM TITLE
Uniform title धन्य मी कृतार्थ मी
942 ## - ADDED ENTRY ELEMENTS (KOHA)
Koha item type Book

No items available.